| 000 | 01933nam0a22002891 4500 | ||
|---|---|---|---|
| 001 | rc\3008273 | ||
| 005 | 20250806200932.0 | ||
| 035 | _a(NLR Aleph) 007150962 | ||
| 090 |
_a4041 _c4041 |
||
| 100 | _a20110922d1945 u y0rusy50 ca | ||
| 101 | 0 | _arus | |
| 102 | _aRU | ||
| 105 | _ay z ||||| | ||
| 200 | 1 | _aПостановление Второго пленума Воронежского областного комитета Профсоюза рабочих и служащих машино-тракторных станций и земорганов по докладу начальника Воронежского областного земельного отдела тов. Зайцева Об итогах весен. сева, готовности МТС к уборке урожая и докладу пред. Воронеж. обкома Союза тов. обокма Союза тов. Ливенуева о выполнении решения ЦК Союза от 17. III-45 г. "О развитии всес. соц. соревнования среди работников МТС и земорганов за успешное выполнение плана с-х. работ 1945 г." От 9-10-го июля 1945 г. | |
| 210 |
_a[Воронеж] _cБ. и. _d[1945] _gтип. изд-ва "Коммунар" |
||
| 215 |
_a7 с. _d20 см |
||
| 300 | _aБез обл. и тит. л. | ||
| 702 | 1 |
_aЗайцев _4570 |
|
| 702 | 1 |
_aЛивенцев _4570 |
|
| 710 | 0 | 2 |
_aСоюз рабочих и служащих машино-тракторных станций и земорганов Юга СССР _bВоронежский областной комитет _bПленум _f1945. Июль |
| 801 | 0 |
_aRU _bNLR _gpsbo |
|
| 801 | 1 |
_aRU _bELAR _2rusmarc |
|
| 852 |
_aNLR _jИр7 Г-4/59 |
||
| 942 | _cBOOK | ||
| 945 | _aРоссийская национальная библиотека | ||
| 980 | _aNB | ||
| 980 | _aBV | ||